| 000 | 00672cam a22001814a 4500 | ||
|---|---|---|---|
| 020 | _a0890422915 (alk. paper) | ||
| 050 | 0 | 0 |
_aRA790.5 _b.A63 2002 |
| 245 | 1 | 0 |
_aQuality indicators : _bdefining and measuring quality in psychiatric care for adults and children : report of the APA Task Force on Quality Indicators and report of the APA Task Force on Quality Indicators for Children and Adolescents. |
| 250 | _a1st ed. | ||
| 260 |
_aWashington, D.C. : _bAmerican Psychiatric Association, _cc2002. |
||
| 300 | _axi, 205 p. ; | ||
| 650 | 0 | _xStandards. | |
| 650 | 1 | 2 | _xstandards. |
| 650 | 2 | 2 | _xstandards. |
| 650 | 2 | 2 | _xstandards. |
| 650 | 2 | 2 | _xstandards. |
| 942 |
_2lcc _cGEN |
||
| 999 |
_c13505 _d13505 |
||